000 01399nam0a22003371 4500
001 rc\3145270
005 20250530083259.0
021 _aRU
_b[75-67787]
035 _a(NLR Aleph) 007319926
090 _a5898941
_c5898941
100 _a20120615d1975 |||y0rusy50 ca
101 1 _arus
_ceng
102 _aRU
105 _aa z |||||
200 1 _aНеуловимые мгновения
_e[Сокр. пер. с англ.
_fЛит. запись А. Тренгова
_gПослесл. мастера спорта, канд. пед. наук А.Н. Макарова]
210 _aМосква
_c[Физкультура и спорт]
_d1975
215 _a191 с., 8 л. ил.
_d20
225 1 _aЗвезды зарубежного спорта
300 _aДоп. тит. л.: Ron Clarke. The unforgiving minute
513 0 _aThe unforgiving minute
606 _aБег на длинные дистанции
_2psbo
606 _aЛегкая атлетика
_yАвстралия
_2psbo
700 1 _aКларк
_bР.
_f1937-
_gРон
702 1 _aТренгов
_bА.
_4570
702 1 _4080
_7ca
_8rus
_aМакаров
_bА. Н.
_cд-р пед. наук, легкая атлетика
_gАлександр Николаевич
_9203155
_3RU\NLR\AUTH\770203206
801 0 _aRU
_bNLR
_gpsbo
801 1 _aRU
_bELAR
_2rusmarc
852 _aNLR
_j75-3/5529
942 _cBOOK
980 _aNB